000 00450nam a2200145Ia 4500
008 100415s9999 xx 000 0 und d
082 _b13208
_a574.5
100 _aSlater Francis
245 _aPeople and the environment: issues and enquiries
260 _aLONDON
_c1993
_bHARPER COLLINS
365 _b0
630 _aPeople and the environment: issues and enquiries
730 _aPeople and the environment: issues and enquiries
942 _cBOOK
999 _c596124
_d596121